000 02369nam0a2200433 4500
001 RU\NLR\bibl\1446937
005 20260405224233.0
010 _a978-5-06-006180-2
_93000
021 _aRU
_b2009-79786
_95002
035 _a(NLR Aleph) 001438767
090 _a1449372
_c1449372
100 _a20091203d2010 |||y0rusy50 ca
101 0 _arus
102 _aRU
105 _aa |||||||||
200 1 _aОбщая химия. Биофизическая химия. Химия биогенных элементов
_eучебник для студентов вузов, обучающихся по медицинским, биологическим, агрономическим, ветеринарным, экологическим специальностям
_f[Ю.А. Ершов, В.А. Попков, А.С. Берлянд, А.З. Книжник]
_gпод ред. Ю.А. Ершова
205 _aИзд. 8-е, стер.
210 _aМосква
_cВысшая школа
_d2010
215 _a559, [1] c.
_cил.
_d22
300 _aАвт. указ. на обороте тит. л.
320 _aБиблиогр.: с. 548
320 _aПредм. указ.: с. 549-556
517 0 _aБиофизическая химия
517 0 _aХимия биогенных элементов
606 1 _aБиохимия
_jУчебники для высших учебных заведений
_9904648
_3RU\NLR\auth\669511
606 1 _aБиогенные элементы
_jУчебники для высших учебных заведений
_xБиологическая роль
_92225497
_3RU\NLR\auth\661336046
606 1 _aБиофизическая химия
_jУчебники для высших учебных заведений
_91147503
_3RU\NLR\auth\66139237
686 _aЕ072.53я73-1
686 _aЕ072я73-1
686 _aЕ071.1я73-1
701 1 _4070
_7ca
_8rus
_aЕршов
_bЮ. А.
_cд-р хим. наук
_f1934-
_gЮрий Алексеевич
_985272
_3RU\NLR\auth\77102346
701 1 _aПопков
_bВ. А.
_gВладимир Андреевич
_4070
701 1 _aБерлянд
_bА. С.
_gАлександр Семенович
_4070
701 1 _aКнижник
_bА. З.
_gАркадий Земович
_4070
801 0 _aRU
_bNLR
_c20091203
_gRCR
801 1 _aRU
_bNLR
_c20091203
942 _cBOOK
980 _aNB